01395nam a2200241Ia 4500001000900000003001000009008004100019040002500060041001400085100001800099245005200117250001100169260006800180300001200248500026000260501011400520520026000634650004700894942000700941957000600948999004100954952015800995L120-839IT-CnALBA170116s9999||||xx |||||||||||||| ||und|| aIT-CnALBAcIT-CnALBA aFRANCESE  aJOLIVET REGIS 0aLE THOMISME ET LA CRITIQUE DE LA CONNAISSANCE.  a1a ed. aBRUGES & PARISbDESCLEE DE BROUWER ET C. c1933 [1° Ed.: n.d.] a148 p.  aNATURA E FORMA DEL PROBLEMA CRITICO. IDEALISMO CRITICO. CARTESIO. OGGETTO FORMALE DELLA CRITICA. REALISMO IMMEDIATO. REALISMO CRITICO. CRITERIOLOGIA DEL CARD. MERCIER. IL COGITO REALISTA. PROBLEMA DEL DUBBIO CRITICO. DUBBIO CRITICO E PRINCIPI PRIMI. IL PR aSocietà San Paolo EM - Piazza San Paolo, 14 - 12051 ALBA (CN) (non commercial uses only) ® Copyright 2017 aNATURA E FORMA DEL PROBLEMA CRITICO. IDEALISMO CRITICO. CARTESIO. OGGETTO FORMALE DELLA CRITICA. REALISMO IMMEDIATO. REALISMO CRITICO. CRITERIOLOGIA DEL CARD. MERCIER. IL COGITO REALISTA. PROBLEMA DEL DUBBIO CRITICO. DUBBIO CRITICO E PRINCIPI PRIMI. IL PR aGNOSEOLOGIA - CAUSALITÀ - FINE DELL'UOMO cBK 71 a936bSI g Copie: 1 c260073d260073 0010406L_12083971aALBAbALBAd2017-01-16l0oL120-839r2017-01-16 00:00:00w2017-01-16yBKz(data import: 16 gennaio 2017) - By Epidotti, Vaglietti.